| 000 | 01087nam a22002657a 4500 | ||
|---|---|---|---|
| 001 | BD-DhSAU | ||
| 003 | BD-DhSAU | ||
| 005 | 20250721124335.0 | ||
| 008 | 150420b2005 bg ||||| m||| 00| 0 eng d | ||
| 040 | _aBD-DhSAU | ||
| 082 |
_222 _a595.7 _b0m5 |
||
| 100 |
_aOMI, MALIHA QUDDUS _eRegistration No. # 15-06694 |
||
| 245 |
_aStudy on insect diversity and pollination effect on theyield of elephant apple / _bMS thesis |
||
| 260 |
_aSher-e-Bangla Agricultural University: _bDepartment of Entomology, _c2022. |
||
| 300 |
_aviii, 39p. ; _c30 cm. |
||
| 500 | _aMS thesis of Department of Entomology, Faculty of Agriculture, Sher-e-Bangla Agricultural University, Dhaka, Bangladesh | ||
| 504 | _aIncludes bibliographical reference. | ||
| 590 | _aNazmul | ||
| 650 | _ainsect diversity | ||
| 651 | _apollination effect on the yield of elephant apple | ||
| 700 |
_aProf. Dr. Mohammed Sakhawat Hossain _eSuperviser |
||
| 700 |
_aDr. Shahrina Aktar _eCo-superviser |
||
| 856 | _uhttp://archive.saulibrary.edu.bd:8080/xmlui/handle/123456789/5325 | ||
| 942 |
_2ddc _cTHESIS |
||
| 999 |
_c17630 _d17629 |
||